Giant jam sandwich (The) / (Record no. 102652)
[ view plain ]
| 000 -LEADER | |
|---|---|
| fixed length control field | 00455nam a2200145 a 4500 |
| 005 - DATE AND TIME OF LATEST TRANSACTION | |
| control field | 20140412111240.0 |
| 008 - FIXED-LENGTH DATA ELEMENTS--GENERAL INFORMATION | |
| fixed length control field | 001220s19uu xx 00 eng d |
| 020 ## - INTERNATIONAL STANDARD BOOK NUMBER | |
| International Standard Book Number | 0-395-44237-0 |
| 050 ## - LIBRARY OF CONGRESS CALL NUMBER | |
| Classification number | TR(PS E |
| Item number | Gi348 |
| 100 ## - MAIN ENTRY--PERSONAL NAME | |
| Personal name | Lord, John Vernon |
| 245 ## - TITLE STATEMENT | |
| Title | Giant jam sandwich (The) / |
| Statement of responsibility, etc | story and pictures by John Vernon Lord with Verses by Janet Burroway. |
| 260 ## - PUBLICATION, DISTRIBUTION, ETC. (IMPRINT) | |
| Place of publication, distribution, etc | [s.l.] : |
| Name of publisher, distributor, etc | Houghton Mifflin Comp, |
| Date of publication, distribution, etc | 1972. |
| 300 ## - PHYSICAL DESCRIPTION | |
| Extent | 32 p. ; ill. |
| Withdrawn status | Lost status | Damaged status | Use restrictions | Home library | Current library | Shelving location | Date acquired | Source of acquisition | Total Checkouts | Full call number | Barcode | Date last seen | Price effective from | Koha item type |
|---|---|---|---|---|---|---|---|---|---|---|---|---|---|---|
| Elizalde Library | Elizalde Library | Teachers Reference Section | 12/20/2000 | TR(PS E Gi348 | E2361 | 04/12/2014 | 04/12/2014 | Books |